01180nam a2200193Ia 4500001001100000003001000011008004100021040002500062041001300087100003100100245005700131250001100188260009100199300002700290500026200317501011400579520026200693650003100955L239-11731IT-CnALBA170116s9999||||xx |||||||||||||| ||und|| aIT-CnALBAcIT-CnALBA aITALIANO aSABA AGOSTINO, MONS. DOTT. 0aIL SIMBOLO VOL. I. CREDO IN DIO, PADRE ONNIPOTENTE.  a1a ed. a ASSISIbPRO CIVITATE CHRISTIANA EDIZ. c1941 [1° Ed.:1941 - Ed.Ling.Originale: 1941] a239 p. (prefazione: 5) aPREFAZIONE DI GIOVANNI ROSSI. SIMBOLO NICENO. SENTIMENTO RELIGIOSO. ASPIRAZIONE AL DIVINO. ESISTENZA DI DIO. RIVELAZIONE. VIE DELLA FEDE. ATTO DI FEDE. TRINITÀ. CREAZIONE. GOVERNO DI DIO. NEL MONDO. MATERIA SPIRITO E VITA. C. FALCONI. P. CHIMINELLI. I MEG aSocietà San Paolo EM - Piazza San Paolo, 14 - 12051 ALBA (CN) (non commercial uses only) ® Copyright 2017 aPREFAZIONE DI GIOVANNI ROSSI. SIMBOLO NICENO. SENTIMENTO RELIGIOSO. ASPIRAZIONE AL DIVINO. ESISTENZA DI DIO. RIVELAZIONE. VIE DELLA FEDE. ATTO DI FEDE. TRINITÀ. CREAZIONE. GOVERNO DI DIO. NEL MONDO. MATERIA SPIRITO E VITA. C. FALCONI. P. CHIMINELLI. I MEG aAPOLOGETICA E CONTROVERSIE